تحميل...
de Gruchy's Clinical Haematology in Medical Practice
| المؤلف الرئيسي: | |
|---|---|
| التنسيق: | Printed Book |
| منشور في: |
Wiley
|
| LEADER | 00464nam a2200121 4500 | ||
|---|---|---|---|
| 020 | |a 9788126532438 | ||
| 082 | |2 6th |a 616.15 SAX/D | ||
| 100 | |a Sxena, Renu et. al. ed. | ||
| 245 | |a de Gruchy's Clinical Haematology in Medical Practice | ||
| 260 | |b Wiley | ||
| 300 | |a 498 p. | ||
| 999 | |c 279964 |d 279964 | ||
| 952 | |0 0 |1 0 |2 ddc |4 0 |6 616_150000000000000_SAX_D |7 0 |9 316729 |a CHS |b CHS |c ST1 |d 2015-12-30 |g 899.00 |i 4082 |l 5 |m 1 |o 616.15 SAX/D |p CHS4082 |q 2018-12-14 |r 2018-09-07 |s 2018-09-07 |w 2015-12-30 |y BK | ||